Normal view
MARC view
- Col Khurram Sattar Khan
Entry Personal Name
001 - CONTROL NUMBER
- control field: 51431
003 - CONTROL NUMBER IDENTIFIER
- control field: NUST
005 - DATE AND TIME OF LATEST TRANSACTION
- control field: 20210314134957.0
008 - FIXED-LENGTH DATA ELEMENTS
- fixed length control field: 210314|| aca||aabn | a|a d
040 ## - CATALOGING SOURCE
- Original cataloging agency: NUST
- Transcribing agency: NUST
100 ## - HEADING--PERSONAL NAME
- Personal name: Col Khurram Sattar Khan
670 ## - SOURCE DATA FOUND
- Source citation: Work cat.: (NUST): M. Rizwan Anwar Chattha 51430, Development of a Constructed Wetland in MCE , 2018.
